Statystyki dla Dzielnice Krakowa

Kliknij tutaj aby rozwiązać quiz!

Ogólne statystyki

  • Ten quiz został rozwiązany 131 razy
  • Średni wynik to 11 z 18

Odpowiedzi na mapie

Odpowiedzi skodowane kolorowo w zielono-czerwonej skali na mapie do tego quizu, zgodnie z poniższymi procentami.
 

Statystyki odpowiedzi

Odpowiedź% Poprawnych
Nowa Huta
81%
Łagiewniki-Borek Fałęcki
72%
Podgórze
71%
Stare Miasto
71%
Bronowice
65%
Wzgórza Krzesławickie
64%
Zwierzyniec
62%
Bieżanów-Prokocim
60%
Podgórze Duchackie
59%
Prądnik Biały
59%
Swoszowice
58%
Czyżyny
56%
Dębniki
56%
Prądnik Czerwony
54%
Krowodrza
53%
Mistrzejowice
53%
Bieńczyce
51%
Grzegórzki
47%

Rozkład punktacji

Percentyl według liczby udzielonych odpowiedzi

Procent ludzi z każdym wynikiem

Twoja historia wyników

Nie rozwiązałeś tego quizu